| Tag |
First Indicator |
Second Indicator |
Subfields |
| LEADER |
00000cam a2200000 4500 |
| 001 |
in00000466721 |
| 005 |
20151012165908.0 |
| 008 |
730104s1915 nyu 00010 eng |
| 010 |
|
|
|a 15005519
|
| 035 |
|
|
|a (OCoLC)00528678
|
| 035 |
|
|
|9 ABZ9137AM
|
| 040 |
|
|
|c ANC
|d TXA
|d UtOrBLW
|
| 049 |
|
|
|a TXAM
|c [1394928]
|
| 050 |
0 |
0 |
|a BJ1581
|b .W76
|
| 100 |
1 |
|
|a Wilson, Woodrow,
|d 1856-1924.
|
| 245 |
1 |
0 |
|a When a man comes to himself /
|c [by] Woodrow Wilson.
|
| 264 |
|
1 |
|a New York :
|b Harper,
|c 1915.
|
| 300 |
|
|
|a 37 pages ;
|c 18 cm.
|
| 336 |
|
|
|a text
|b txt
|2 rdacontent
|
| 337 |
|
|
|a unmediated
|b n
|2 rdamedia
|
| 338 |
|
|
|a volume
|b nc
|2 rdacarrier
|
| 650 |
|
0 |
|a Conduct of life.
|
| 999 |
|
|
|a MARS
|
| 999 |
f |
f |
|s e7e45472-db83-3743-b32e-8feebfec6591
|i 0a8533cf-8e59-3cda-a08f-b31f10cc608a
|t 0
|
| 952 |
f |
f |
|p ric
|a Texas A&M University
|b Rellis Campus
|c Joint Library Facility
|d Remote Storage
|t 0
|e BJ1581 .W76
|h Library of Congress classification
|i unmediated -- volume
|m A14801724785
|
| 998 |
f |
f |
|a BJ1581 .W76
|t 0
|l Remote Storage
|